| 000 | 00930nam a2200253 4500 | ||
|---|---|---|---|
| 001 | 113302 | ||
| 003 | ES-MaACL | ||
| 005 | 20250829120101.0 | ||
| 007 | t| | ||
| 008 | 061121s1932 sp r ||||1| spa d | ||
| 080 | _a94(518)"1931/45" | ||
| 100 | 1 |
_aNin, Andreu. _985748 |
|
| 245 | 1 | 0 |
_aManchuria y el imperialismo / _cpor Andrés Nin. |
| 260 |
_aValencia : _b[Cuadernos de Cultura], _c1932 ( _fTip. P. Quiles) |
||
| 300 |
_a45 p. ; _c17 cm. |
||
| 490 | 1 |
_aCuadernos de cultura ; _v51. Política ; _v2 |
|
| 530 | _aDisponible en formato digital. | ||
| 651 | 4 |
_aManchuria (China, Región)- _xHistoria- _y1931-1945. _9173005 |
|
| 830 | 1 |
_aCuadernos de cultura _v51. Política ; _v2 _9181245 |
|
| 852 |
_aES-MaACL _j1937-F-6 _cDEPOF _zRevisado enlace: 19 de Abril de 2025 |
||
| 856 |
_uhttp://bdh-rd.bne.es/viewer.vm?id=0000230220&page=1 _yBiblioteca Digital Hispánica |
||
| 942 | _2udc | ||
| 999 |
_c113302 _d113302 |
||